00333nam a2200133 a 45000010010000000030011000100080041000210350026000620820012000881000023001002450024001232600038001476500014001850000-8873ELIB.Books110520 1987  a(ELIB.Books)0000-9019 aB bAnd aAnderson, Courtney aTo the Golden Shore bValley Forge: Judson Press c1987 aBiography